Michael Jackson Album Quiz - Statistics

General Stats
  • This quiz has been taken 335 times
  • The average score is 10 of 15
Answer Stats
Year Album % Correct
1982 Thriller
96%
1987 Bad
94%
1979 Off The Wall
92%
1991 Dangerous
89%
1995 HIStory
88%
2001 Invincible
83%
1972 Ben
81%
2010 Michael
74%
1997 Blood On The Dance Floor
68%
2009 This Is It
68%
1975 Forever, Michael
58%
1972 Got To Be There
57%
1973 Music And Me
55%
2011 Immortal
30%
1984 Ferewell My Summer Love
2%
No matching quizzes found
Score Distribution
Percent of People with Each Score
Percentile by Number Answered
Your Score History
You have not taken this quiz